Diccionario Bilingüe Quechua-Castellano : (Record no. 23193)

000 -CABECERA
fixed length control field 00670nam a22002057i 4500
003 - IDENTIFICADOR DEL NÚMERO DE CONTROL
control field AR-CdUCM
008 - DATOS DE LONGITUD FIJA--INFORMACIÓN GENERAL
fixed length control field 250123b20202020 pe||||| |||| 00| 0 spa d
040 ## - FUENTE DE LA CATALOGACIÓN
Agencia/entidad que catalogó originalmente la obra MUNICIPALIDAD PROVINCIAL DEL CUSCO
Entidad que transcribió la catalogación BIBLIOTECA MUNICIPAL DEL CUSCO
082 ## - NÚMERO DE LA CLASIFICACIÓN DECIMAL DEWEY
No. de Clasificación 498 / T93
Notacion interna T93
100 ## - ENTRADA PRINCIPAL--NOMBRE DE PERSONA
Nombre Personal Tunque Choque, Daniel
245 ## - MENCIÓN DE TÍTULO
Título Diccionario Bilingüe Quechua-Castellano :
Resto del título Idioma de los Inkas - Qheshwa Simi Taqe /
260 ## - PUBLICACIÓN, DISTRIBUCIÓN, ETC.
Lugar de publicación, distribución, etc. Cusco :
Nombre de la editorial, distribuidor, etc. Autor-Editor
Fecha de publicación, distribución, etc. 2020
300 ## - DESCRIPCIÓN FÍSICA
Nº de Páginas Extensión 159 páginas. :
Dimensiones 15x11 cm.
505 ## - NOTA DE CONTENIDO CON FORMATO
Nota de contenido formateada Diccionario Quechua - Castellano
650 ## - PUNTO DE ACCESO ADICIONAL DE MATERIA--TÉRMINO DE MATERIA
Descriptor Quechua
9 (RLIN) 2063
650 ## - PUNTO DE ACCESO ADICIONAL DE MATERIA--TÉRMINO DE MATERIA
Descriptor Castellano
9 (RLIN) 7963
942 ## - ELEMENTOS DE PUNTO DE ACCESO ADICIONAL (KOHA)
Fuente de clasificación
Tipo de item Libros-BMC
945 ## - PROCESAMIENTO DE INFORMACIÓN LOCAL (OCLC)
Catalogador pbjr
AAAA-MM-DD - Fecha de ingreso o modificacion 23-01-2025
Holdings
Estado de retiro (separado) Fuente de clasificación o esquema de estanterías Estado dañado Ubicación Sala donde se ubica Nombre de la colección Fecha de adquisición o compra Fuente de adquisición Costo, precio normal en soles Signatura topográfica Código de Barras Última vez visto (Koha) Tipo de ítem (Koha)
No     Sala Humanidades Sala Humanidades Book Cart 2025-01-23 Depósito legal 10.00 498 / T93 SH0000016903 2025-01-23 Libros-BMC

Powered by Koha